000 00737nam a2200217 ar4500
001 2495
005 20221127090450.0
008 110313s at a 00110 eng d
020 _a9780733978050(pbk)
082 0 4 _a428.2407
_bC839 2007
100 1 _aCox, Kathy.
245 1 0 _aEnglish for academic purposes.
_pStudent's book /
_cKathy Cox, David Hill.
246 0 _aEAP now! : preliminary.
260 _aAustralia :
_bPearson Education,
_c2007.
300 _axvii, 166 p. :
_bcol. ill. ;
_c30 cm.
500 _aAt the head of title: EAP! : preliminary.
504 _aIncludes bibl. references and index.
650 4 _aEnglish language
_xStudy and teaching.
650 4 _aEnglish language
_vTextbooks.
700 0 _aHill, David,
_ejt. auth.
999 _c2493
_d2493